De animales a dioses : (Registro nro. 13)

Detalles MARC
000 -LEADER
campo de control de longitud fija 02834nam a2200397 i 4500
001 - NÚMERO DE CONTROL
campo de control 13
003 - IDENTIFICADOR DE NÚMERO DE CONTROL
campo de control gtuscu
005 - FECHA Y HORA DE LA ÚLTIMA TRANSACCIÓN
campo de control 20250820154353.0
007 - CAMPO FIJO DE DESCRIPCIÓN FÍSICA--INFORMACIÓN GENERAL
campo de control de longitud fija ta
008 - DATOS DE LONGITUD FIJA--INFORMACIÓN GENERAL
campo de control de longitud fija 241003t20202014mx a|||gr|||| 001 |bspa d
020 ## - NÚMERO INTERNACIONAL ESTÁNDAR DEL LIBRO
Número Internacional Estándar del Libro 9786073127981
Condiciones de disponibilidad Disponible
040 ## - FUENTE DE CATALOGACIÓN
Centro catalogador/agencia de origen gtuscu
Lengua de catalogación spa
Centro/agencia transcriptor gtuscu
Normas de descripción rda
082 04 - NÚMERO DE LA CLASIFICACIÓN DECIMAL DEWEY
Número de clasificación 909 H254
Número de ítem H254
100 1# - ENTRADA PRINCIPAL--NOMBRE DE PERSONA
Nombre de persona Harari, Yuval Noah,
Fechas asociadas al nombre 1976- ,
Término indicativo de función/relación autor
245 10 - MENCIÓN DEL TÍTULO
Título De animales a dioses :
Resto del título Breve historia de la humanidad /
Mención de responsabilidad, etc. Harari Yuval Noah; traductor Ros, Joandomènec.
250 ## - MENCION DE EDICION
Mención de edición Primera edición.
Resto de la mención de edición Vigésima sexta reimpresión.
264 1# - PRODUCCIÓN, PUBLICACIÓN, DISTRIBUCIÓN, FABRICACIÓN Y COPYRIGHT
Producción, publicación, distribución, fabricación y copyright Ciudad de México, México :
Nombre del de productor, editor, distribuidor, fabricante Penguin Random House Grupo Editorial,
Fecha de producción, publicación, distribución, fabricación o copyright 2020.
264 1# - PRODUCCIÓN, PUBLICACIÓN, DISTRIBUCIÓN, FABRICACIÓN Y COPYRIGHT
Fecha de producción, publicación, distribución, fabricación o copyright ©2020
300 ## - DESCRIPCIÓN FÍSICA
Extensión 492 páginas :
Otras características físicas ilustraciones blanco y negro ;
Dimensiones 24 cm
336 ## - TIPO DE CONTENIDO
Término de tipo de contenido texto
Código de tipo de contenido txt
Fuente rdacontenido
337 ## - TIPO DE MEDIO
Nombre/término del tipo de medio no mediado
Código del tipo de medio n
Fuente rdamedio
338 ## - TIPO DE SOPORTE
Nombre/término del tipo de soporte volumen
Código del tipo de soporte nc
Fuente rdasoporte
500 ## - NOTA GENERAL
Nota general Contiene índice alfabético páginas 479-492.
501 ## - NOTA DE CON
Nota de "Con" Notas páginas 457-473
504 ## - NOTA DE BIBLIOGRAFÍA, ETC.
Nota de bibliografía, etc. Nota Notas
505 0# - NOTA DE CONTENIDO CON FORMATO
Información miscelánea Parte I:
Título La revolución cognitiva --
505 0# - NOTA DE CONTENIDO CON FORMATO
Información miscelánea Parte II:
Título La revolución agrícola --
505 0# - NOTA DE CONTENIDO CON FORMATO
Información miscelánea Parte III:
Título La unificación de la humanidad --
505 0# - NOTA DE CONTENIDO CON FORMATO
Información miscelánea Parte IV:
Título La revolución científica.
520 3# - RESUMEN, ETC.
Sumario, etc. ¿Cómo logró nuestra especie imponerse en la lucha por la existencia? ¿Por qué nuestros ancestros recolectores se unieron para crear ciudades y reinos? ¿Cómo llegamos a creer en dioses, en naciones o en los derechos humanos; a confiar en el dinero, en los libros o en las leyes? ¿Cómo acabamos sometidos en la burocracia, a los horarios y al consumismo? ¿Y cómo será el mundo en los milenios venideros?<br/>En De animales a dioses, Yuval Noah Harari traza una breve historia de la humanidad, desde los primeros humanos que caminaron sobre la Tierra hasta los radicales y a veces devastadores avances de las tres grandes revoluciones que nuestra especie ha protagonizado: la cognitiva, la agrícola y la científica. A partir de hallazgos de disciplinas tan diversas como la biología, la antropología, la paleontología o la economía, Harari explora cómo las grandes corrientes de la historia han modelado nuestra sociedad, los animales y las plantas que nos rodean e incluso nuestras personalidades. ¿Hemos ganado en felicidad a medida que ha avanzado la historia? ¿Seremos capaces de liberar alguna vez nuestra conducta de la herencia del pasado? ¿Podemos hacer algo para influir en los siglos futuros?<br/>Audaz, ambicioso y provocador, este libro cuestiona todo lo que creíamos saber sobre el ser humano: nuestros orígenes, nuestras ideas, nuestras acciones, nuestro poder … y nuestro futuro.<br/>
521 ## - NOTA DE PÚBLICO DESTINATARIO
Nota de público destinatario Recomendado para público general
650 14 - PUNTO DE ACCESO ADICIONAL DE MATERIA--TÉRMINO DE MATERIA
Término de materia o nombre geográfico como elemento de entrada Historia universal
Fuente del encabezamiento o término LEMB
650 14 - PUNTO DE ACCESO ADICIONAL DE MATERIA--TÉRMINO DE MATERIA
Término de materia o nombre geográfico como elemento de entrada Civilización
Fuente del encabezamiento o término LEMB
Subdivisión general Historia
700 1# - ENTRADA AGREGADA--NOMBRE PERSONAL
Nombre de persona Ros, Joandomènec
Término indicativo de función/relación traductor
942 ## - ELEMENTOS DE ENTRADA SECUNDARIOS (KOHA)
Fuente de la clasificación o esquema de estantería Clasificación Decimal Dewey
Tipo de ítem Koha Libros
Suprimir en OPAC No
Existencias
Estatus retirado Estado de pérdida Fuente de la clasificación o esquema de estantería Estado de daño No para préstamo Colección Biblioteca de origen Biblioteca actual Fecha de adquisición Fuente de adquisición Coste, precio normal de compra Número de inventario Total de préstamos Signatura topográfica completa Código de barras Visto por última vez Precio de reemplazo Tipo de ítem Koha Nota pública
    Clasificación Decimal Dewey     general BIBLIOTECA CEUR FLAVIO QUESADA SALDAÑA BIBLIOTECA CEUR FLAVIO QUESADA SALDAÑA 06/09/2021 SOPHOS 168.75 16H-17648-2021   909 H254 BFQS00006 03/10/2024 03/10/2024 Libros Disponible